| 000 | 00394nam a2200169 a 4500 | ||
|---|---|---|---|
| 005 | 20141022142008.0 | ||
| 008 | 120228s19uu xx 00 eng d | ||
| 050 |
_aDVD _bC78 2008 |
||
| 100 | _aCooper, Donald | ||
| 245 | _aBusiness research Methods. | ||
| 250 | _a10th ed. | ||
| 260 | _c2008. | ||
| 650 | _aBusiness | ||
| 650 | _aResearch | ||
| 700 | _aSchindler, Pamela | ||
| 942 | _cAVM | ||
| 999 |
_c276600 _d276600 |
||